| 000 | 01338cam a2200217 i 4500 | ||
|---|---|---|---|
| 999 |
_c14359 _d14359 |
||
| 003 | OSt | ||
| 005 | 20260216112222.0 | ||
| 006 | m |o d | | ||
| 008 | 240826s2016 nyua o 000 0 eng | ||
| 020 |
_a9781350375901 _qebook |
||
| 082 | 0 | 0 |
_a720.1/03 _223 |
| 100 | 1 |
_aSpencer, Douglas, _eauthor. |
|
| 245 | 1 | 4 |
_aThe architecture of neoliberalism : _bhow contemporary architecture became an instrument of control and compliance / _cDouglas Spencer. |
| 300 |
_a1 online resource (xiv, 213 pages) : _billustrations. |
||
| 505 | 8 | _aMachine generated contents note: -- Introduction: Architecture, Neoliberalism and the Game of Truth 1. The Art of Neoliberal Governmentality 2. The Spatial Constitution of the Neoliberal Subject 3. Architecture Theory: From May '68 to the 'Real' of the Market 4. Labour Theory: Architecture, Work and Neoliberalism 5. Festivals of Circulation: Neoliberal Architectures of Culture, Commerce and Eduction 6. Neoliberalism and Effect: Architecture and the Patterning of Experience Conclusion: The Necessity of Critique Bibliography. | |
| 650 | 0 | _aArchitecture and society. | |
| 650 | 0 |
_aArchitecture _xPolitical aspects. |
|
| 650 | 0 | _aNeoliberalism. | |
| 776 | 0 | 8 |
_iPrint Version: _tThe architecture of neoliberalism _dNew York : Bloomsbury Academic, 2016. _z9781472581525 _w(DLC) 2016009047 |
| 942 | _2ddc | ||